Las órdenes superiores

Guardado en:
Bibliografiske detaljer
Hovedforfatter: González, José
Format: Bog
Sprog:Undetermined
Udgivet: Tegucigalpa, Honduras Guaymuras 1985
Fag:
Tags: Tilføj Tag
Ingen Tags, Vær først til at tagge denne postø!

MARC

LEADER 00000nam a2200000Ia 4500
008 170316s9999 xx 000 0 und d
040 |a cru BVZT 
090 |a 860 G-22o 
100 |a González, José 
245 |a Las órdenes superiores 
260 |a Tegucigalpa, Honduras 
260 |b Guaymuras 
260 |c 1985 
300 |a 78 páginas 
650 |a LITERATURA LATINOAMERICANA 
999 |c 8731  |d 8731 
942 |c 15 D  |h 860 G-22o  |2 z